Top 25 Scorers of the 2024-25 NBA season - Statistics

General Stats
  • This quiz has been taken 42 times
  • The average score is 15 of 25
Answer Stats
Hint Answer % Correct
29.6 Nikola Jokic
94%
32.7 Shai
94%
30.4 Giannis
91%
24.4 LeBron James
91%
26.8 Jayson Tatum
79%
26.0 Jalen Brunson
76%
26.6 Kevin Durant
76%
24.5 Stephen Curry
76%
22.2 Jaylen Brown
73%
27.6 Edwards
70%
22.8 James Harden
70%
24.4 Karl Anthony-Towns
70%
24.9 Damian Lillard
64%
25.6 Devin Booker
64%
26.1 Cade Cunningham
55%
24.0 Donovan Mitchell
55%
24.2 Trae Young
52%
23.5 De'Aaron Fox
48%
21.6 Jalen Williams
45%
23.9 Tyler Herro
45%
23.3 Zach Lavine
39%
24.2 Franz Wagner
33%
22.2 Jaren Jackson Jr.
30%
21.8 Norman Powell
24%
22.2 Demar DeRozen
0%
No matching quizzes found
Score Distribution
Percent of People with Each Score
Percentile by Number Answered
Your Score History
You have not taken this quiz